| 000 -CABECERA |
| Longitud fija campo de control |
01086nam a2200301 a 4500 |
| 001 - NÚMERO DE CONTROL |
| Número de control |
991023620819706706 |
| 003 - IDENTIFICADOR DEL NÚMERO DE CONTROL |
| Identificador del número de control |
OSt |
| 005 - FECHA Y HORA DE LA ÚLTIMA TRANSACCIÓN |
| Fecha y hora de la última transacción |
20211126124509.0 |
| 008 - CÓDIGOS DE INFORMACIÓN DE LONGITUD FIJA |
| Códigos de información de longitud fija |
930210s1991 spc|||||| 000 ||cat|c |
| 017 ## - NÚMERO DE COPYRIGHT O DE DEPÓSITO LEGAL |
| Número de copyright o de depósito legal |
DL B. 41987-1991 |
| 035 ## - NÚMERO DE CONTROL DEL SISTEMA |
| Número de control del sistema |
(ES-BaCBU)b16059232-34csuc_network |
| 035 ## - NÚMERO DE CONTROL DEL SISTEMA |
| Número de control del sistema |
(ES-BaCBU).b16059232 |
| 035 ## - NÚMERO DE CONTROL DEL SISTEMA |
| Número de control del sistema |
(ccuc001)b16059232 |
| 035 ## - NÚMERO DE CONTROL DEL SISTEMA |
| Número de control del sistema |
(OCoLC)802923019 |
| 035 ## - NÚMERO DE CONTROL DEL SISTEMA |
| Número de control del sistema |
124491 |
| 040 ## - FUENTE DE LA CATALOGACIÓN |
| Centro catalogador de origen |
ES-BaCBU |
| Lengua de catalogación |
cat |
| Centro transcriptor |
ES-BaCBU |
| Centro modificado |
CDMR |
| 100 1# - PUNTO DE ACCESO PRINCIPAL-NOMBRE DE PERSONA |
| Nombre de persona |
Riera, Ignasi |
| 9 (RLIN) |
2205 |
| 245 14 - MENCIÓN DE TÍTULO |
| Título |
Les Comunicacions a la comarca del Baix Llobregat / |
| Mención de responsabilidad, etc. |
Ignasi Riera |
| 260 ## - PUBLICACIÓN, DISTRIBUCIÓN, ETC. (PIE DE IMPRENTA) |
| Lugar de publicación, distribución, etc. |
Cornellà de Llobregat : |
| Nombre del editor, distribuidor, etc. |
Fundació Utopia d'Estudis Socials del Baix Llobregat, |
| Fecha de publicación, distribución, etc. |
DL 1991 |
| 300 ## - DESCRIPCIÓN FÍSICA |
| Extensión |
15 p. ; |
| Dimensiones |
22 cm |
| 650 04 - PUNTO DE ACCESO ADICIONAL DE MATERIA - TÉRMINO DE MATERIA |
| Término de materia o nombre geográfico como elemento inicial |
Transport |
| Subdivisión geográfica |
Catalunya |
| -- |
Baix Llobregat |
| 650 04 - PUNTO DE ACCESO ADICIONAL DE MATERIA - TÉRMINO DE MATERIA |
| Término de materia o nombre geográfico como elemento inicial |
Mitjans de comunicació de massa |
| Subdivisión geográfica |
Catalunya |
| -- |
Baix Llobregat |
| 710 2# - PUNTO DE ACCESO ADICIONAL - NOMBRE DE ENTIDAD |
| Nombre de entidad o nombre de jurisdicción como elemento inicial |
Fundació Utopia d'Estudis Socials del Baix Llobregat. |
| 830 #0 - PUNTO DE ACCESO ADICIONAL DE SERIE - TÍTULO UNIFORME |
| Título uniforme |
Conferències i debats ; |
| Designación de volumen o secuencia |
2 |
| 907 ## - ELEMENTO G DATOS LOCALES, GDL (RLIN) |
| a |
.b16059232 |
| b |
17-06-21 |
| c |
07-05-08 |
| d |
10-02-93 |
| e |
m |
| f |
a |
| g |
- |
| h |
cat |
| i |
spc |
| j |
4 |
| k |
6 |
| 908 ## - CONTROL DE PARÁMETROS (RLIN) |
| Parametro de comando lanzado |
UAB |
| -- |
UB |
| -- |
UPF |
| -- |
URL |
| -- |
ICGC |
| 942 ## - ENTRADA DE ELEMENTOS AGREGADOS (KOHA) |
| Fuente de clasificaión o esquema |
|
| Koha [por defecto] tipo de item |
Monografies |